Govt. of
Madhya Pradesh

Clerks'Grade Recruitment Exam (Record no. 44774)

MARC details
000 -LEADER
fixed length control field 004980000a22001810004500
003 - CONTROL NUMBER IDENTIFIER
control field MACL
005 - DATE AND TIME OF LATEST TRANSACTION
control field 20160129120457.0
008 - FIXED-LENGTH DATA ELEMENTS--GENERAL INFORMATION
fixed length control field 160129b xxu||||| |||| 00| 0 eng d
040 ## - CATALOGING SOURCE
Original cataloging agency MACL
Transcribing agency MACL
041 ## - LANGUAGE CODE
Language code of text/sound track or separate title English
082 ## - DEWEY DECIMAL CLASSIFICATION NUMBER
Classification number 333/ARI
100 ## - MAIN ENTRY--PERSONAL NAME
Personal name Arihant Prakashan
9 (RLIN) 31539
245 ## - TITLE STATEMENT
Title Clerks'Grade Recruitment Exam
Remainder of title State bank of india & Associate bank
260 ## - PUBLICATION, DISTRIBUTION, ETC. (IMPRINT)
Name of publisher, distributor, etc. Arihant Publications Pvt. Ltd. Meerut
Place of publication, distribution, etc. Meerut
350 ## - PRICE (NR) (BK AM CF MU VM SE) [OBSOLETE]
Price 295
650 ## - SUBJECT ADDED ENTRY--TOPICAL TERM
Topical term or geographic name as entry element Banking
9 (RLIN) 281
942 ## - ADDED ENTRY ELEMENTS (KOHA)
Koha item type Books
Call number prefix 333/ARI
Source of classification or shelving scheme
Holdings
Withdrawn status Lost status Source of classification or shelving scheme Damaged status Not for loan Home library Current library Date acquired Cost, normal purchase price Total Checkouts Total Renewals Full call number Barcode Date last seen Date last checked out Uniform Resource Identifier Price effective from Koha item type
          MACL MACL 15/04/2015 295.00 4 1 333/ARI CLC004923 07/12/2017 23/11/2017 45047 15/04/2015 Books